| 000 | 01290cam a22003135a 4500 | ||
|---|---|---|---|
| 999 |
_c5407 _d5407 |
||
| 003 | EG-ScBUE | ||
| 005 | 20200118141047.0 | ||
| 008 | 101125s1964 ua f b 001 0 ara d | ||
| 040 |
_aEG-ScBUE _bara _erda _cEG-ScBUE _dEG-ScBUE |
||
| 043 | _af-ua--- | ||
| 082 | 0 | 4 |
_a492.770962 _bس ع ي _222 |
| 100 | 1 |
_aسعيد، نفوسه زكريا، _eمؤلف. _921293 |
|
| 245 | 1 | 0 |
_aتاريخ الدعوة إلى العامية وآثارها في مصر / _cتأليف الدكتورة نفوسه زكريا سعيد، مدرسة بكلية الآداب بجامعة الإسكندرية. |
| 250 | _aالطبعة الأولى. | ||
| 264 | 1 |
_aالإسكندرية : _bدار نشر الثقافة، _c1964. |
|
| 300 |
_a514 صفحة ؛ _c24 سم |
||
| 336 |
_2rdacontent _aنص _btxt |
||
| 337 |
_2rdamedia _aبدون وسيط _bn |
||
| 338 |
_2rdacarrier _aمجلد _bnc |
||
| 500 | _aيشتمل على كشافات. | ||
| 504 | _aيشتمل على إرجاعات ببليوجرافية. | ||
| 590 | _aeman | ||
| 650 | 7 |
_aاللغة العربية _xالعامية _zمصر. _2BUEsh _921739 |
|
| 650 | 7 |
_aاللغة العربية _xاللهجات _zمصر. _2BUEsh |
|
| 651 | _2BUEsh | ||
| 653 | 7 |
_bHHUUEENN _cJanuary2020 |
|
| 655 | _vReading book | ||
| 942 |
_cBB _k492.770962 س ع ي _2ddc |
||